Daily Country Riddle #53 - Statistics

General Stats
  • This quiz has been taken 199 times
  • The average score is 14 of 21
Answer Stats
Type Answer % Correct
Found Letter A
96%
Found Letter E
88%
Found Letter N
88%
Found Letter S
85%
Found Letter A
84%
Found Letter B
84%
Correctly Placed Letter A
81%
Found Letter G
74%
Found Letter H
72%
Correctly Placed Letter A
65%
Found Letter L
57%
Found Letter D
56%
Correctly Placed Letter N
53%
Correctly Placed Letter G
51%
Correctly Placed Letter B
45%
Mystery Country Bangladesh
45%
Correctly Placed Letter D
45%
Correctly Placed Letter E
45%
Correctly Placed Letter H
45%
Correctly Placed Letter L
45%
Correctly Placed Letter S
45%
No matching quizzes found
Score Distribution
Percent of People with Each Score
Percentile by Number Answered
Your Score History
You have not taken this quiz